000
00210nam a2200097Ia 4500
008
230508s1994 xx 000 0 und d
041
_a
eng
100
_a
JOSHI VIVEK.
245
_a
KRIDADARSHAN.
260
_c
1994
999
_c
709372
_d
709372